00678nam a2200229 i 45000010005000000030009000050050017000140070003000310080041000340200015000750800014000900800032001041000030001362450038001662500011002042600037002153000021002524900040002735000047003138300043003608520045004036679ES-MaACL20240509092056.0t|900226s1990 sp ||||1| spa d a847658198X a86-14"19" a86(Ramirez Escoto,R.7 T.01)1 aRamírez Escoto, Rafael.10aToxico / cRafael Ramirez Escoto. a1a ed. aBarcelona : bAnthropos, c1990. a41 p. ; c20 cm.1 aAmbitos literarios. Poesía ; v97 aPremio Editorial Anthropos de Poesia 1989.0 aÁmbitos literarios. pPoesía ;v97 aES-MaACLjL-13922 bR.117511 z. - rust.